| 000 | 00962nam a2200253 a 4500 | ||
|---|---|---|---|
| 001 | BRCA_2525 | ||
| 005 | 20190320203842.0 | ||
| 008 | 251108s1945----sp-a---###---#000-0#spa-u | ||
| 050 | 4 |
_aNK4124 _b.E83 1945 |
|
| 100 | 1 |
_aEscriva de Romani y de la Quintana, Manuel _97256 |
|
| 245 | 1 | 0 |
_aHistoria de la cerámica de Alcora _bestudio crítico de la fábrica, recetas originales de sus mas afamados artífices, antiguos reglamentos de la misma _cManuel Escriva de Romani y de la Quintana. |
| 250 | _a2 | ||
| 260 |
_aMadrid _bAldus _c1945 |
||
| 300 |
_a400 p. _bil., 90 láminas _c27 cm. |
||
| 500 | _aA la cabeza de la portada: Consejo Superior de Investigaciones Científicas. Instituto Diego Velázquez. | ||
| 500 | _aIncluye apéndice. | ||
| 500 | _aEjamplar igual a CFG69 | ||
| 500 | _aA13 | ||
| 650 | 1 | 4 |
_aCerámica _zAlcora, España _97257 |
| 650 | 1 | 4 |
_aCerámica _zEspaña _97258 |
| 650 | 1 | 4 |
_aCerámica _xHistoria _91463 |
| 902 | _aGFM | ||
| 942 |
_2lcc _cB |
||
| 999 |
_c2266 _d2266 |
||